| 000 | 01080nmm a2200301 a 4500 | ||
|---|---|---|---|
| 001 | ocm0001512300 | ||
| 003 | TR-IsHL | ||
| 005 | 20201028165236.0 | ||
| 008 | 160220s2015 tu tur | ||
| 007 | cr cn | ||
| 020 | _a9786059129107 | ||
| 035 |
_a1512300 _b(N$T) |
||
| 050 | 0 | 4 |
_aNA2728 _b.B38 2015 |
| 090 | 0 | 4 |
_aNA2728 _b.B38 2015 |
| 100 | 1 | _aBaykal, Gökalp | |
| 245 | 1 | 0 |
_aProfesyoneller için Revit Architecture 2015 (2013-2014 Uyumlu): ileri düzey özellikler _h[electronic resource] / _cGökalp Baykal ; Ufuk Aydın |
| 260 |
_aİstanbul : _bAbaküs Yayınları, _c2015 |
||
| 300 | _a506 p. | ||
| 650 | 4 | _aBilgisayar | |
| 650 | 4 | _aComputer Sciences | |
| 650 | 0 |
_aMimari tasarım _xBilgi işlem |
|
| 650 | 0 |
_aArchitectural drawing _xComputer-aided design |
|
| 650 | 0 |
_aArchitectural design _xData processing |
|
| 650 | 0 |
_aMimari çizim _xBilgisayar destekli tasarım |
|
| 650 | 7 |
_aCOMPUTERS / Computer Graphics _2bisacsh |
|
| 700 | 1 | _aAydın, Ufuk | |
| 856 | 4 | 0 | _uhttp://search.ebscohost.com/login.aspx?direct=true&scope=site&db=e011xww&AN=1512300 |
| 999 |
_c15822 _d15822 |
||